000 00717nja a2200205 a 4500
003 BLK
005 20241024135749.0
008 180414c bul|r|ner|||| 00| c0bul d
010 _aNOT00003263004
040 _aBLK
100 _aСтоянов, Пенчо Цветанов
_d1931 - 2020
_gБълг. композитор
_9254297
245 1 0 _aБурлеска
_cПенчо Цветанов Стоянов.
257 _aBGR
380 _a7
773 _0317110
_9670025
_aСтоянов, Пенчо Цветанов
_tПиеси за флейта и пиано
852 _aЦб М ІІ 7468
942 _cNOT
_n0
944 _aCR
_c01.10.2010
_k30560
_lГеновева Генчева
944 _aED
_c02.10.2010
_k
999 _c317114
_d317114